|
|
|
|
| LEADER |
01407nam a2200313 u 4500 |
| 001 |
10016501 |
| 003 |
upatras |
| 005 |
20210427132104.0 |
| 008 |
881025s1996 us eng |
| 020 |
|
|
|a 3211828028
|
| 040 |
|
|
|a GR-PaULI
|c GR-PaULI
|
| 041 |
0 |
|
|a eng
|
| 082 |
0 |
4 |
|a 532.052 7
|
| 245 |
1 |
0 |
|a Eddy structure identification
|c ; edited by J. P. Bonnet
|
| 260 |
|
|
|a New York
|b Springer - Verlag
|c 1996
|
| 300 |
|
|
|a 364 σ.
|b σχημ.
|c 23 εκ.
|
| 490 |
0 |
|
|a CISM courses and lectures
|v 353
|
| 505 |
1 |
|
|a Περιλαμβάνει παραπομπές
|
| 650 |
|
4 |
|a Ρευστομηχανική
|9 1308
|
| 650 |
|
4 |
|a Ρευστοδυναμική
|x Ηλεκτρονικοί υπολογιστές
|9 5335
|
| 650 |
|
4 |
|a Τυρβώδης ροή
|9 55637
|
| 700 |
1 |
|
|a Bonnet, J. P.
|9 137759
|
| 760 |
1 |
|
|a Courses and lectures
|g 353
|
| 852 |
|
|
|a GR-PaULI
|b ΠΑΤΡΑ
|b ΒΚΠ
|b ΒΣ1
|k ΑΣΧΞ
|h 532.052 7 B
|m 34187
|p 025000070709
|t 2
|
| 852 |
|
|
|a GR-PaULI
|b ΠΑΤΡΑ
|b ΒΚΠ
|b ΒΣ1
|k ΑΣΧΞ
|h 532.052 7 ICM
|m 34186
|p 025000241217
|t 1
|
| 942 |
|
|
|2 ddc
|c BK15
|
| 952 |
|
|
|0 0
|1 0
|4 0
|6 532_052000000000000_7_B
|7 0
|9 165096
|a LISP
|b LISP
|c BSC
|d 2016-04-24
|i 34187
|l 0
|o 532.052 7 B
|p 025000070709
|r 2016-04-24 00:00:00
|t 2
|w 2016-04-24
|y BK15
|
| 952 |
|
|
|0 0
|1 0
|4 0
|6 532_052000000000000_7_ICM
|7 0
|9 165097
|a LISP
|b LISP
|c BSC
|d 2016-04-24
|i 34186
|l 0
|o 532.052 7 ICM
|p 025000241217
|r 2016-04-24 00:00:00
|t 1
|w 2016-04-24
|y BK15
|
| 999 |
|
|
|c 103506
|d 103506
|